| 000 | 00611nam a2200217 a 4500 | ||
|---|---|---|---|
| 008 | |||
| 020 | _a1856090655 (hbk.) | ||
| 049 | _aMAIN | ||
| 090 | _aHG9970 CAN | ||
| 100 | 1 | _aCannar, Kenneth. | |
| 245 | 1 | 0 |
_aMotor insurance : _btheory and practice / _cby Kenneth Cannar. |
| 250 | _a2nd ed. | ||
| 260 |
_aLondon : _bWitherby, _c1994. |
||
| 300 |
_axxiii, 440 p. ; _c23 cm. |
||
| 650 | 0 |
_aInsurance, Automobile _zGreat Britain. |
|
| 907 |
_a.b10027233 _b02-02-07 _c17-04-03 |
||
| 003 | |||
| 005 | 20230123133145.0 | ||
| 040 | _cNUST | ||
| 942 |
_cBOOKS _kHG9970 CAN |
||
| 999 |
_c143727 _d143727 |
||